Loading...
| Beliefs | 3 | 7 | 2 | 0 | 105 | 62 | 93.80 | 5 | 10 | 0.00 | 0.00 |
| Fine Arts - Auditory | 2 | 4 | 0 | 0 | 70 | 66 | 100.50 | 3 | 6 | 0.00 | 0.00 |
| Fine Arts - Visual | 1 | 5 | 1 | 0 | 60 | 49 | 98.17 | 5 | 6 | 0.00 | 0.00 |
| Science - Biology | 0 | 6 | 0 | 1 | 60 | 80 | 111.33 | 4 | 6 | 0.00 | 0.00 |
| 0 | 6 | 1 | 1 | 55 | 89 | 112.83 | 5 | 6 | 0.00 | 0.00 | |
| History - American | 0 | 5 | 0 | 0 | 50 | 83 | 101.40 | 5 | 5 | 0.00 | 0.00 |
| History - World | 0 | 5 | 0 | 1 | 50 | 75 | 122.20 | 1 | 4 | 0.00 | 0.00 |
| Literature - British | 0 | 5 | 1 | 0 | 45 | 69 | 108.00 | 1 | 5 | 0.00 | 0.00 |
| Literature - American | 1 | 3 | 1 | 1 | 40 | 54 | 97.25 | 2 | 4 | 0.00 | 0.00 |
| Social Science | 0 | 4 | 1 | 1 | 35 | 79 | 109.75 | 2 | 4 | 0.00 | 0.00 |
| Science - Chemistry | 0 | 3 | 0 | 0 | 30 | 96 | 116.33 | 1 | 3 | 0.00 | 0.00 |
| Literature - European | 1 | 2 | 2 | 0 | 25 | 79 | 101.33 | 1 | 3 | 0.00 | 0.00 |
| Philosophy | 0 | 3 | 1 | 0 | 25 | 103 | 119.00 | 0 | 3 | 0.00 | 0.00 |
| Current Events | 1 | 1 | 0 | 0 | 25 | 97 | 124.00 | 2 | 2 | 0.00 | 0.00 |
| Science - Physics | 0 | 3 | 1 | 0 | 25 | 82 | 87.33 | 2 | 3 | 0.00 | 0.00 |
| Other Science: Computer Science | 1 | 1 | 0 | 0 | 25 | 70 | 89.00 | 1 | 2 | 0.00 | 0.00 |
| British and Commonwealth History | 0 | 2 | 0 | 0 | 20 | 102 | 113.50 | 0 | 2 | 0.00 | 0.00 |
| History - European | 0 | 2 | 0 | 0 | 20 | 65 | 90.00 | 2 | 2 | 0.00 | 0.00 |
| World and Other Literature | 0 | 2 | 0 | 0 | 20 | 118 | 137.00 | 2 | 2 | 0.00 | 0.00 |
| Other Arts: Visual | 0 | 2 | 0 | 0 | 20 | 82 | 111.50 | 1 | 2 | 0.00 | 0.00 |
| Other Academic | 1 | 0 | 0 | 0 | 15 | 69 | 69.00 | 1 | 1 | 0.00 | 0.00 |
| Other Science: Earth Science | 0 | 1 | 0 | 0 | 10 | 138 | 138.00 | 1 | 1 | 0.00 | 0.00 |
| Other Science: Astronomy | 0 | 1 | 0 | 0 | 10 | 121 | 121.00 | 0 | 1 | 0.00 | 0.00 |
| Geography | 0 | 1 | 0 | 0 | 10 | 130 | 130.00 | 1 | 1 | 0.00 | 0.00 |
| Other Arts: Auditory | 0 | 1 | 1 | 0 | 5 | 143 | 143.00 | 1 | 1 | 0.00 | 0.00 |
| Ancient History and Archaeology | 0 | 0 | 1 | 0 | -5 | 0.00 | 0 | 0 | 0.00 | 0.00 |